000 00659nmc a2200241 a 4500
003 AR-BaBNM
005 20251128211043.0
008 012020s1961 ||||||||||||||000 | spa||
040 _cAR-BaBNM
100 1 _aWhitehead, Alfred North
245 1 0 _aLos fines de la educación
250 _a2ª ed.
260 _aBuenos Aires
_bPaidós
_c1961
490 0 _aBiblioteca del hombre contemporáneo
_vv. 8
650 4 _aFINALIDADES DE LA EDUCACION
650 4 _aEDUCACION
650 4 _aUNIVERSIDADES
650 4 _aPRACTICA PEDAGOGICA
700 1 _aMantovani, Juan
_epresentación
700 1 _aIvinsky, Dora
_etraductor
942 _cBK
998 _calicia
999 _c18023
_d18023